Antenna Theory & Design (Record no. 610390)
[ view plain ]
| 000 -LEADER | |
|---|---|
| fixed length control field | 00412nam a22001577a 4500 |
| 020 ## - INTERNATIONAL STANDARD BOOK NUMBER | |
| International Standard Book Number | 9780470576649 |
| 040 ## - CATALOGING SOURCE | |
| Transcribing agency | Nust |
| 082 ## - DEWEY DECIMAL CLASSIFICATION NUMBER | |
| Classification number | 621.3824 |
| Author Mark | STU |
| 100 ## - MAIN ENTRY--PERSONAL NAME | |
| Personal name | Warren L. Stutzman |
| 9 (RLIN) | 124482 |
| 110 ## - MAIN ENTRY--CORPORATE NAME | |
| Corporate name or jurisdiction name as entry element | Gary A. Thiele |
| 9 (RLIN) | 124483 |
| 245 ## - TITLE STATEMENT | |
| Title | Antenna Theory & Design |
| 250 ## - EDITION STATEMENT | |
| Edition statement | 3rd Edition |
| 260 ## - PUBLICATION, DISTRIBUTION, ETC. | |
| Place of publication, distribution, etc. | USA: |
| Name of publisher, distributor, etc. | John Wiley & Sons Inc, |
| Date of publication, distribution, etc. | 2013. |
| 650 ## - SUBJECT ADDED ENTRY--TOPICAL TERM | |
| Topical term or geographic name entry element | Antenna Theory & Design |
| 9 (RLIN) | 124567 |
| 942 ## - ADDED ENTRY ELEMENTS (KOHA) | |
| Source of classification or shelving scheme | |
| Koha item type | Book |
| Withdrawn status | Lost status | Source of classification or shelving scheme | Damaged status | Not for loan | Permanent Location | Current Location | Shelving location | Date acquired | Total Checkouts | Full call number | Barcode | Date last seen | Price effective from | Koha item type |
|---|---|---|---|---|---|---|---|---|---|---|---|---|---|---|
| College of Electrical & Mechanical Engineering (CEME) | College of Electrical & Mechanical Engineering (CEME) | General Stacks | 07/18/2024 | 621.3824 STU | CEME- 46579 | 07/18/2024 | 07/18/2024 | Book |
